Livret-guide geologique dans le Jura et les Alpes de la Suisse : dedie au Congres geologique international /

Bibliographic Details
Corporate Author: International Geological Congress Zurich
Format: Conference Proceeding Book
Language:French
Published: Lausanne : F. Payot, 1894.
Subjects:

MARC

Tag First Indicator Second Indicator Subfields
LEADER 00000cam a2200000 4500
001 in00000051597
005 20151007072030.0
008 800605s1894 fr abf b 10010 fre c
010 |a gs 07000825  
035 |a (OCoLC)06388469 
035 |9 AAE7108AM 
040 |a U.S. Geol. Survey. Library  |c TXA  |d UtOrBLW 
049 |a TXAM  |c [205468] 
090 |a QE285  |b .I58 1894 
092 |a 554.94  |b I61 
111 2 |a International Geological Congress  |n (6th :  |d 1894 :  |c Zurich) 
245 1 0 |a Livret-guide geologique dans le Jura et les Alpes de la Suisse :  |b dedie au Congres geologique international /  |c Pub. par le Comite d'organisation en vue de la VIe session, a Zurich ... 
264 1 |a Lausanne :  |b F. Payot,  |c 1894. 
300 |a vii pages, 1 ., 306 pages, 1 :  |b illustrations, XIII plate (part folded, part color, including maps) folded tables, diagrams ;  |c 21 cm. 
336 |a text  |b txt  |2 rdacontent 
337 |a unmediated  |b n  |2 rdamedia 
338 |a volume  |b nc  |2 rdacarrier 
500 |a Several folded plates in pockets. 
504 |a Bibliographies interspersed. 
650 0 |a Geology  |z Switzerland. 
651 0 |a Alps. 
651 0 |a Jura Mountains. 
999 |a MARS 
999 f f |s ff8d79d4-810e-3b68-abe4-9b0b532f6a27  |i 4dc46734-f53f-36d9-98ee-88862c7b5370  |t 0 
952 f f |p noncirc  |a Texas A&M University  |b College Station  |c Sterling C. Evans Library  |d Evans: Maps (2nd floor)  |t 0  |e QE285 .I58 1894  |h Library of Congress classification  |i unmediated -- volume  |m A14825916053 
998 f f |a QE285 .I58 1894  |t 0  |l Evans: Maps (2nd floor)